| 000 | 01204nam a2200229Ia 4500 | ||
|---|---|---|---|
| 999 |
_c5046 _d5046 |
||
| 003 | OSt | ||
| 005 | 20200507113752.0 | ||
| 008 | 191128s1994 ck ad gr 000 0 spa d | ||
| 040 |
_aCO-JMCR _cCO-JMCR |
||
| 041 | 0 | _aspa | |
| 082 | 0 | 4 |
_a307.0986148 / _bS454b |
| 100 | 1 |
_aSegovia Mora, Guillermo, _eeditor _94083 |
|
| 245 | 1 | 0 |
_aBogotá hoy : _bdemocracia, convivencia y poblaciones vulnerables / _cGuillermo Segovia Mora, |
| 260 |
_aBogotá : _bConsejería para Asuntos Sociales. Alcaldía Mayor de Santafé de Bogotá, _c1994 |
||
| 300 |
_axviii, 421 páginas ; _bgráficos a blanco y negro ; _c24 cm. |
||
| 505 | _aDemocracia. Participación y desarrollo local -- La mujer -- La juventud y la niñez -- Grupos en riesgo de exclusión y violencia urbana | ||
| 520 | _aA partir de la expedición de las Constitución de 1991, Santafé de Bogotá es escenario de importantes cambios relacionados con la descentralización, el desarrollo local y la participación ciudadana. | ||
| 650 | 1 | 4 |
_aDescentralización administrativa _xAspectos sociales _94084 |
| 650 | 2 | 4 |
_aBogotá Participación social _xUrbanismo Mujeres _94085 |
| 650 | 2 | 4 |
_aCondiciones sociales _xViolencia urbana _94086 |
| 942 |
_2ddc _cBK |
||